[Event "Cappelle-la-Grande"]
[Site "Cappelle-la-Grande (FRA)"]
[Date "2013.02.27"]
[Round "6.45"]
[White "Bernadskiy, Vitaliy"]
[Black "Daulyte, Deimante"]
[Result "1-0"]
[WhiteElo "2503"]
[BlackElo "2262"]
[PlyCount "97"]
[EventDate "2013.??.??"]

1. d4 Nf6 2. c4 g6 3. Nc3 d5 4. cxd5 Nxd5 5. Bd2 Bg7 6. e4 Nb6 7. Be3 O-O 8. h3
e5 9. Nf3 exd4 10. Bxd4 Bxd4 11. Qxd4 Qe7 12. Qe3 f5 13. exf5 Qxe3+ 14. fxe3
Bxf5 15. e4 Be6 16. Nd4 Bf7 17. Ndb5 Rc8 18. O-O-O N8d7 19. Be2 Ne5 20. b3 a6
21. Nd4 Re8 22. Nf3 Kg7 23. Rd4 Nc6 24. Rd2 Re7 25. Ng5 Bg8 26. Nd5 Nxd5 27.
exd5 Bxd5 28. Rxd5 Rxe2 29. Rd7+ Re7 30. Rxe7+ Nxe7 31. Rd1 h6 32. Rd7 Kf8 33.
Ne6+ Ke8 34. Rxc7 Rc8 35. Rxc8+ Nxc8 36. Kd2 Ke7 37. Nc5 Nd6 38. Kd3 a5 39. Kd4
b6 40. Na4 b5 41. Nb2 Kd7 42. Kc5 Kc7 43. Nd3 g5 44. Ne5 b4 45. Nc4 Nxc4 46.
bxc4 h5 47. Kb5 Kd6 48. c5+ Kd5 49. c6 1-0

[Event "Cappelle-la-Grande"]
[Site "Cappelle-la-Grande (FRA)"]
[Date "2013.02.27"]
[Round "6.49"]
[White "Baron, Tal"]
[Black "Whiteley, Andrew J"]
[Result "1-0"]
[WhiteElo "2470"]
[BlackElo "2251"]
[PlyCount "67"]
[EventDate "2013.??.??"]

1. e4 e6 2. d4 d5 3. Nc3 Bb4 4. e5 c5 5. a3 Bxc3+ 6. bxc3 Qc7 7. Qg4 f6 8. Bb5+
Kf8 9. Nf3 cxd4 10. Qxd4 Nc6 11. Qc5+ Qe7 12. Qe3 Nxe5 13. Nxe5 fxe5 14. Qxe5
Kf7 15. O-O Nf6 16. a4 Nd7 17. Qh5+ g6 18. Qh6 Qf6 19. Re1 Qg7 20. Qxg7+ Kxg7
21. Rxe6 Rf8 22. Re7+ Rf7 23. Bh6+ Kf6 24. Bg5+ Kg7 25. Rae1 Nc5 26. Rxf7+ Kxf7
27. Re7+ Kg8 28. Be3 a6 29. Be2 Nxa4 30. c4 Nc3 31. Bf3 dxc4 32. Bd4 Nb5 33.
Bd5+ Kf8 34. Bc5 1-0

[Event "Cappelle-la-Grande"]
[Site "Cappelle-la-Grande (FRA)"]
[Date "2013.02.27"]
[Round "6.52"]
[White "Raznikov, Danny"]
[Black "Fantin, Ludwig"]
[Result "1-0"]
[WhiteElo "2463"]
[BlackElo "2249"]
[PlyCount "47"]
[EventDate "2013.??.??"]

1. d4 Nf6 2. c4 e6 3. Nc3 Bb4 4. e3 O-O 5. Nge2 c5 6. a3 cxd4 7. axb4 dxc3 8.
Nxc3 d5 9. cxd5 Nxd5 10. Nxd5 exd5 11. Be2 d4 12. O-O dxe3 13. Bxe3 a6 14. Qxd8
Rxd8 15. b5 Nd7 16. Rfd1 Re8 17. bxa6 bxa6 18. Bb5 Re7 19. Bc5 Re5 20. Bc6 Rxc5
21. Bxa8 Nf8 22. Rac1 Rxc1 23. Rxc1 Bd7 24. Bb7 1-0

[Event "Cappelle-la-Grande"]
[Site "Cappelle-la-Grande (FRA)"]
[Date "2013.02.27"]
[Round "6.53"]
[White "Bannink, Bernard"]
[Black "Barlov, Dragan"]
[Result "0-1"]
[WhiteElo "2255"]
[BlackElo "2461"]
[PlyCount "88"]
[EventDate "2013.??.??"]

1. d4 g6 2. e4 Bg7 3. Nc3 c6 4. Nf3 d6 5. Be3 b5 6. Bd3 Nd7 7. O-O a6 8. a3 e5
9. dxe5 dxe5 10. Qd2 Ngf6 11. h3 O-O 12. Ne2 Bb7 13. Ng3 Qe7 14. Bh6 Bxh6 15.
Qxh6 Rfe8 16. Rad1 Qf8 17. Qxf8+ Kxf8 18. c3 Nb6 19. b3 Rad8 20. Bc2 Rxd1 21.
Rxd1 Nfd7 22. b4 Ke7 23. Bb3 f6 24. Ne1 c5 25. f3 Rc8 26. Ne2 Ra8 27. Kf2 a5
28. Ke3 Bc6 29. Rc1 Nc8 30. Kd2 Nd6 31. bxa5 Rxa5 32. Nc2 c4 33. Ba2 f5 34.
exf5 gxf5 35. Ra1 Ra8 36. Nb4 Bb7 37. Bb1 Rg8 38. g4 Nc5 39. Ke3 Rf8 40. gxf5
Nxf5+ 41. Bxf5 Rxf5 42. Rf1 Ne6 43. Ng3 Rf4 44. Ne4 Bxe4 0-1

[Event "Cappelle-la-Grande"]
[Site "Cappelle-la-Grande (FRA)"]
[Date "2013.02.27"]
[Round "6.54"]
[White "Drasko, Milan"]
[Black "Gryson, Wouter"]
[Result "1-0"]
[WhiteElo "2459"]
[BlackElo "2243"]
[PlyCount "89"]
[EventDate "2013.??.??"]

1. Nf3 Nf6 2. g3 g6 3. d4 Bg7 4. Bg2 O-O 5. O-O d6 6. c4 Nc6 7. Nc3 a6 8. d5
Na5 9. b3 c5 10. dxc6 Nxc6 11. Bb2 Qa5 12. Nd5 Nxd5 13. Bxg7 Kxg7 14. cxd5 Ne5
15. Qd4 f6 16. Nd2 Bd7 17. f4 Nf7 18. Nc4 Qb4 19. Qb6 Qxb6+ 20. Nxb6 Rad8 21.
Rfc1 Bb5 22. Bf3 a5 23. Rc7 Rfe8 24. Rac1 Rb8 25. a4 Ba6 26. R1c3 Nh6 27. Kf2
f5 28. h3 Nf7 29. Re3 h5 30. Rexe7 Rxe7 31. Rxe7 Rh8 32. e3 h4 33. g4 Kf6 34.
Rc7 fxg4 35. Bxg4 g5 36. Nd7+ Kg6 37. f5+ Kh6 38. f6 Kg6 39. Be6 Nh6 40. Kf3
Re8 41. e4 Bd3 42. f7 g4+ 43. hxg4 Bxe4+ 44. Kxe4 Nxf7 45. Kf4 1-0

[Event "Cappelle-la-Grande"]
[Site "Cappelle-la-Grande (FRA)"]
[Date "2013.02.27"]
[Round "6.55"]
[White "Nikcevic, Nebojsa"]
[Black "Kambrath, Yannick"]
[Result "0-1"]
[WhiteElo "2452"]
[BlackElo "2232"]
[PlyCount "112"]
[EventDate "2013.??.??"]

1. Nf3 Nf6 2. c4 g6 3. Nc3 Bg7 4. e4 d6 5. d4 O-O 6. Bg5 h6 7. Bf4 Nc6 8. h3 e5
9. dxe5 dxe5 10. Be3 Be6 11. Be2 Nh5 12. Nd5 Nf4 13. O-O Nxe2+ 14. Qxe2 Nd4 15.
Bxd4 exd4 16. Rad1 c5 17. Rfe1 Bd7 18. b4 b6 19. bxc5 bxc5 20. Nd2 Re8 21. Nb3
Rc8 22. f4 f5 23. e5 Be6 24. Qf3 Qd7 25. Na5 Qa4 26. Nb7 Qxc4 27. Nf6+ Bxf6 28.
Nd6 Qd5 29. Nxe8 Rxe8 30. Qxd5 Bxd5 31. exf6 Rxe1+ 32. Rxe1 c4 33. Re7 c3 34.
Rc7 Bxa2 35. Kf2 Bd5 36. Ke2 Be4 37. Rc4 d3+ 38. Kd1 c2+ 39. Kd2 Kf7 40. g3
Kxf6 41. Ra4 g5 42. Ra6+ Kg7 43. h4 gxf4 44. gxf4 Bf3 45. Ra3 Be2 46. h5 Bxh5
47. Rxd3 Bd1 48. Rd6 a5 49. Ra6 a4 50. Kc1 h5 51. Rxa4 h4 52. Ra6 h3 53. Ra3
Bg4 54. Ra7+ Kg6 55. Ra6+ Kh5 56. Ra8 Kh4 0-1

[Event "Cappelle-la-Grande"]
[Site "Cappelle-la-Grande (FRA)"]
[Date "2013.02.27"]
[Round "6.57"]
[White "Forthofer, Robert"]
[Black "Dumitrache, Dragos-Nicolae"]
[Result "1/2-1/2"]
[WhiteElo "2249"]
[BlackElo "2440"]
[PlyCount "53"]
[EventDate "2013.??.??"]

1. e4 d6 2. c4 c5 3. Ne2 g6 4. Nbc3 Bg7 5. d4 cxd4 6. Nxd4 Nc6 7. Be3 Nf6 8.
Be2 O-O 9. O-O Bd7 10. Rc1 Nxd4 11. Bxd4 Bc6 12. f4 Qa5 13. Bf3 Rad8 14. Qe1 e5
15. Be3 exf4 16. Bxf4 Qc5+ 17. Kh1 Qxc4 18. Qh4 Qe6 19. Bg5 h6 20. Bxh6 Bxh6
21. Qxh6 Rfe8 22. h4 Bxe4 23. Bxe4 Nxe4 24. Nxe4 Qxe4 25. Rf4 Qe3 26. Rc7 Rc8
27. Qg7+ 1/2-1/2

[Event "Cappelle-la-Grande"]
[Site "Cappelle-la-Grande (FRA)"]
[Date "2013.02.27"]
[Round "6.59"]
[White "Aghasaryan, Robert"]
[Black "Van Hoolandt, Patrick"]
[Result "1-0"]
[WhiteElo "2425"]
[BlackElo "2195"]
[PlyCount "79"]
[EventDate "2013.??.??"]

1. d4 Nf6 2. c4 e6 3. g3 d5 4. Nf3 Bb4+ 5. Bd2 a5 6. Bg2 dxc4 7. O-O Nc6 8. Bg5
O-O 9. e3 Rb8 10. Nfd2 e5 11. d5 Ne7 12. Bxf6 gxf6 13. Nxc4 b5 14. Nca3 f5 15.
Qh5 Nxd5 16. Rd1 c6 17. Nc3 Bxc3 18. bxc3 Qe7 19. Nxb5 Rxb5 20. c4 Rc5 21. cxd5
cxd5 22. Rxd5 Rxd5 23. Bxd5 Kg7 24. Rb1 Rd8 25. e4 Rf8 26. exf5 Qf6 27. Be4 Rd8
28. Rc1 Bd7 29. g4 h6 30. h4 Rh8 31. Rc7 Qd8 32. Rb7 Be8 33. g5 hxg5 34. Qxg5+
Qxg5+ 35. hxg5 Rh4 36. f6+ Kh8 37. f3 Rh5 38. g6 Kg8 39. Rb8 Rg5+ 40. Kf2 1-0

[Event "Cappelle-la-Grande"]
[Site "Cappelle-la-Grande (FRA)"]
[Date "2013.02.27"]
[Round "6.60"]
[White "Song, Julien"]
[Black "Viennot, Dylan"]
[Result "1/2-1/2"]
[WhiteElo "2422"]
[BlackElo "2192"]
[PlyCount "101"]
[EventDate "2013.??.??"]

1. d4 e6 2. c4 Nf6 3. Nf3 d5 4. Bg5 Be7 5. Nc3 Nbd7 6. e3 O-O 7. Rc1 dxc4 8.
Bxc4 a6 9. a4 c5 10. O-O cxd4 11. Nxd4 Qa5 12. Bh4 Ne5 13. Be2 Rd8 14. Qb3 Ng6
15. Bg3 e5 16. Nf3 Be6 17. Bc4 Bxc4 18. Qxc4 Rac8 19. Qb3 e4 20. Nd4 h5 21.
Nxe4 Rxc1 22. Nxf6+ Bxf6 23. Rxc1 Bxd4 24. exd4 h4 25. Bc7 Qd2 26. Rd1 Re8 27.
Be5 Qe2 28. h3 Rc8 29. Rf1 b5 30. axb5 axb5 31. Bh2 Rc2 32. Qe3 Rxb2 33. Qxe2
Rxe2 34. d5 Rd2 35. d6 Kf8 36. Rb1 Ke8 37. Kf1 Rd5 38. Ke2 Kd7 39. Ke3 f5 40.
Ra1 f4+ 41. Bxf4 Nxf4 42. Kxf4 Kxd6 43. Ra7 g5+ 44. Ke4 Re5+ 45. Kd3 Rd5+ 46.
Kc3 Rf5 47. f3 Ke5 48. Re7+ Kf4 49. Re4+ Kg3 50. Rg4+ Kh2 51. Kb3 1/2-1/2

[Event "Cappelle-la-Grande"]
[Site "Cappelle-la-Grande (FRA)"]
[Date "2013.02.27"]
[Round "6.67"]
[White "Butnorius, Algimantas"]
[Black "Lenaerts, Lennert"]
[Result "1/2-1/2"]
[WhiteElo "2400"]
[BlackElo "2080"]
[PlyCount "82"]
[EventDate "2013.??.??"]

1. c4 e5 2. Nc3 Bb4 3. g3 Bxc3 4. bxc3 d6 5. Bg2 c5 6. d3 Ne7 7. Nf3 O-O 8. e4
Nbc6 9. O-O h6 10. Rb1 Qa5 11. Qc2 a6 12. a4 Rb8 13. Be3 b5 14. axb5 axb5 15.
cxb5 Rxb5 16. Rxb5 Qxb5 17. Rb1 Qa5 18. d4 cxd4 19. cxd4 exd4 20. Nxd4 Nxd4 21.
Bxd4 Be6 22. Qb2 f6 23. Ra1 Qd8 24. Qb7 Qd7 25. Qxd7 Bxd7 26. Ra7 Rd8 27. Rb7
Kf7 28. f4 Bc6 29. Rc7 Rc8 30. Ra7 Ra8 31. Rxa8 Bxa8 32. Kf2 Bc6 33. g4 g6 34.
Be3 d5 35. exd5 Bxd5 36. Bf1 f5 37. h3 Be6 38. Be2 Nd5 39. gxf5 Bxf5 40. h4
Nxe3 41. Kxe3 Kf6 1/2-1/2

[Event "Cappelle-la-Grande"]
[Site "Cappelle-la-Grande (FRA)"]
[Date "2013.02.27"]
[Round "6.78"]
[White "Sedina, Elena"]
[Black "Degembe, Pierre"]
[Result "0-1"]
[WhiteElo "2349"]
[BlackElo "2020"]
[PlyCount "65"]
[EventDate "2013.??.??"]

1. e4 e5 2. Nc3 Nf6 3. g3 Bc5 4. Bg2 d6 5. Nf3 O-O 6. d3 c6 7. O-O Nbd7 8. h3
b5 9. Nh4 Bb6 10. Nf5 Nc5 11. b4 Ne6 12. a4 bxa4 13. Nxa4 Bc7 14. f4 d5 15.
fxe5 Bxe5 16. d4 Bc7 17. e5 Ne4 18. Qg4 g6 19. Bxe4 dxe4 20. c3 Nxd4 21. Nh6+
Kg7 22. Qxe4 Nb3 23. Nxf7 Rxf7 24. Bh6+ Kxh6 25. Rxf7 Qg5 26. Rd1 Qxg3+ 27. Qg2
Qxe5 28. Qf2 Qg5+ 29. Qg2 Bf4 30. Qxg5+ Bxg5 31. Rf8 Bb7 32. Rxa8 Bxa8 33. Kf2
0-1

[Event "Cappelle-la-Grande"]
[Site "Cappelle-la-Grande (FRA)"]
[Date "2013.02.27"]
[Round "6.80"]
[White "Hartikainen, Markku"]
[Black "Coulon, Guillaume"]
[Result "1/2-1/2"]
[WhiteElo "2348"]
[BlackElo "2002"]
[PlyCount "94"]
[EventDate "2013.??.??"]

1. e4 c5 2. Nf3 e6 3. d4 cxd4 4. Nxd4 a6 5. c4 Qc7 6. Nc3 Nf6 7. a3 Be7 8. Be3
Nc6 9. Be2 h5 10. Rc1 Ne5 11. h3 d6 12. O-O b6 13. f4 Ned7 14. Bf3 Bb7 15. f5
e5 16. Nd5 Qd8 17. Ne2 Nxd5 18. cxd5 Bg5 19. Qd2 Bxe3+ 20. Qxe3 b5 21. Kh2 h4
22. Rc3 Nb6 23. b3 Rc8 24. Rfc1 Rxc3 25. Rxc3 O-O 26. f6 Nd7 27. fxg7 Kxg7 28.
Bg4 Nc5 29. Bf5 Rh8 30. Qf3 Qe7 31. Qf2 Rh5 32. Rf3 a5 33. Qe1 Qd8 34. Qc3 a4
35. b4 Nb3 36. Qd3 Qe8 37. Bg4 Rh6 38. Qe3 Qd8 39. Qa7 Qe7 40. Rc3 Nd2 41. Bf5
Nc4 42. Bc8 Qg5 43. Qxb7 Rf6 44. Bf5 Ne3 45. Rxe3 Qxe3 46. Qxb5 Qxa3 47. Qc4
Qb2 1/2-1/2

[Event "Cappelle-la-Grande"]
[Site "Cappelle-la-Grande (FRA)"]
[Date "2013.02.27"]
[Round "6.82"]
[White "Westerinen, Heikki M.j"]
[Black "Peyre, Camille"]
[Result "0-1"]
[WhiteElo "2339"]
[BlackElo "1965"]
[PlyCount "46"]
[EventDate "2013.??.??"]

1. e4 c5 2. Nf3 e6 3. c3 d5 4. exd5 exd5 5. d4 Bd6 6. Be3 cxd4 7. Nxd4 Nf6 8.
Nb5 Be5 9. Bxa7 O-O 10. Be2 b6 11. Bxb8 Bxb8 12. O-O Ne4 13. Nd2 f5 14. Nf3 Bb7
15. Qd4 Rf6 16. Rfd1 Qe8 17. c4 Qh5 18. g3 Rh6 19. Qe3 f4 20. Qd3 fxg3 21. fxg3
Bxg3 22. cxd5 Bxh2+ 23. Kf1 Qh3+ 0-1

[Event "Cappelle-la-Grande"]
[Site "Cappelle-la-Grande (FRA)"]
[Date "2013.02.27"]
[Round "6.92"]
[White "Mcdonald, Neil"]
[Black "Migot, Tangi"]
[Result "1/2-1/2"]
[WhiteElo "2433"]
[BlackElo "2284"]
[PlyCount "69"]
[EventDate "2013.??.??"]

1. e4 e5 2. Nf3 Nc6 3. Bb5 a6 4. Ba4 Nf6 5. O-O Be7 6. d3 d6 7. c3 O-O 8. Nbd2
b5 9. Bc2 Re8 10. a4 Bb7 11. Re1 Bf8 12. Nf1 g6 13. Bg5 Nb8 14. Qd2 Nbd7 15.
Ng3 Nc5 16. d4 Ne6 17. Bh4 Bg7 18. Rad1 c5 19. axb5 axb5 20. dxe5 dxe5 21. Qe2
Qb6 22. Nxe5 Nf4 23. Qd2 Nxg2 24. Kxg2 Rxe5 25. Qd6 Qxd6 26. Rxd6 Re6 27. Rxe6
fxe6 28. Rd1 Ne8 29. Kh3 e5 30. Bg5 c4 31. Kg2 Bc6 32. Rd2 Kf7 33. Bd1 Bf6 34.
Be3 Rd8 35. Rxd8 1/2-1/2

[Event "Cappelle-la-Grande"]
[Site "Cappelle-la-Grande (FRA)"]
[Date "2013.02.27"]
[Round "6.93"]
[White "Kerigan, Demre"]
[Black "Mueller, Ralf"]
[Result "1-0"]
[WhiteElo "2258"]
[BlackElo "2412"]
[PlyCount "73"]
[EventDate "2013.??.??"]

1. e4 e5 2. Nf3 Nc6 3. d4 exd4 4. Nxd4 Nf6 5. Nc3 Bb4 6. Nxc6 bxc6 7. Bd3 d5 8.
exd5 cxd5 9. O-O O-O 10. Qf3 c6 11. Bf4 Bd6 12. h3 Rb8 13. b3 Be6 14. Na4 Bxf4
15. Qxf4 Qe7 16. Qd4 Rb4 17. Qc5 Qb7 18. Rae1 Qb8 19. a3 Rh4 20. Qe3 d4 21. Qe5
Qd8 22. Nc5 Bd5 23. f4 Nh5 24. Qxd4 Ng3 25. Rf2 Qc8 26. Qe3 Nf5 27. Bxf5 Qxf5
28. c4 Be6 29. Nxe6 fxe6 30. Qxe6+ Qxe6 31. Rxe6 c5 32. Rc6 Rh5 33. Rf3 Rhf5
34. Kf2 h5 35. Rc7 a6 36. Rc6 Ra8 37. g4 1-0

[Event "Cappelle-la-Grande"]
[Site "Cappelle-la-Grande (FRA)"]
[Date "2013.02.27"]
[Round "6.100"]
[White "Loiseau, Quentin"]
[Black "Mouhamad, Joachin"]
[Result "0-1"]
[WhiteElo "2374"]
[BlackElo "2209"]
[PlyCount "62"]
[EventDate "2013.??.??"]

1. d4 Nf6 2. Nf3 e6 3. c4 c5 4. d5 exd5 5. cxd5 d6 6. Nc3 g6 7. Bf4 a6 8. a4
Bg7 9. h3 O-O 10. e3 Nh5 11. Bh2 f5 12. Be2 f4 13. O-O fxe3 14. fxe3 Qe7 15. e4
Nf4 16. Bc4 Nd7 17. Qd2 Bh6 18. Kh1 Kg7 19. Ne2 Qxe4 20. Nxf4 Bxf4 21. Qc3+ Ne5
22. Nxe5 Bxe5 23. Bxe5+ Qxe5 24. Qb3 Bf5 25. Qxb7+ Kh6 26. Rae1 Be4 27. Qb3
Rxf1+ 28. Rxf1 Qg5 29. Rf2 Rf8 30. Re2 Rf1+ 31. Kh2 Bf3 0-1

[Event "Cappelle-la-Grande"]
[Site "Cappelle-la-Grande (FRA)"]
[Date "2013.02.27"]
[Round "6.110"]
[White "Jimenez, Martin"]
[Black "Collas, Silvia"]
[Result "1/2-1/2"]
[WhiteElo "1936"]
[BlackElo "2286"]
[PlyCount "94"]
[EventDate "2013.??.??"]

1. d4 Nf6 2. Nf3 g6 3. e3 Bg7 4. Bd3 d6 5. Nbd2 Nbd7 6. O-O O-O 7. c3 e5 8. e4
Nh5 9. Re1 Re8 10. g3 Nf8 11. Bf1 h6 12. dxe5 dxe5 13. Nh4 Nf4 14. Nc4 Nh3+ 15.
Kg2 Qe7 16. Qc2 b6 17. a4 Ne6 18. Ne3 Nef4+ 19. Kh1 Bb7 20. Neg2 Nh5 21. b4 a5
22. b5 Qe6 23. f3 Bf8 24. Ne3 Ng5 25. Bc4 Qh3 26. Qf2 Bc5 27. g4 Nxf3 28. Nxf3
Bxe4 29. gxh5 Bxf3+ 30. Kg1 Qxh5 31. Ba3 Bxe3 32. Rxe3 e4 33. Be2 Qg4+ 34. Kf1
Bxe2+ 35. Qxe2 Qxe2+ 36. Kxe2 Rad8 37. Bb2 f5 38. Rf1 Re6 39. h4 h5 40. Bc1
Rdd6 (40... Red6 41. Rg3 Kf7 42. Rfg1 c6 43. Bf4) 41. Rg3 Kf7 42. Rfg1 c6 43.
Bf4 Rd8 44. Rd1 Rc8 45. Rd7+ Ke8 46. Rg7 cxb5 47. Rg8+ Kd7 1/2-1/2

[Event "Cappelle-la-Grande"]
[Site "Cappelle-la-Grande (FRA)"]
[Date "2013.02.27"]
[Round "6.111"]
[White "Cappon, John"]
[Black "Mocary, Metod"]
[Result "1-0"]
[WhiteElo "2239"]
[BlackElo "1936"]
[PlyCount "53"]
[EventDate "2013.??.??"]

1. e4 d6 2. d4 c5 3. c3 cxd4 4. cxd4 Nf6 5. Nc3 g6 6. Nf3 Bg7 7. Bb5+ Bd7 8.
Bxd7+ Qxd7 9. O-O O-O 10. Bg5 h6 11. Bh4 g5 12. Bg3 Nh5 13. Rc1 Nxg3 14. hxg3
Nc6 15. d5 Ne5 16. Nd4 Rac8 17. Nf5 b5 18. f4 b4 19. Ne2 Rxc1 20. Nxc1 gxf4 21.
gxf4 Ng6 22. Qh5 e6 23. Nxh6+ Bxh6 24. Qxh6 exd5 25. f5 Ne5 26. Qg5+ Kh7 27.
Rf4 1-0

[Event "Cappelle-la-Grande"]
[Site "Cappelle-la-Grande (FRA)"]
[Date "2013.02.27"]
[Round "6.116"]
[White "Leguillon, David"]
[Black "Ionica, Iulia-Ionela"]
[Result "1/2-1/2"]
[WhiteElo "1913"]
[BlackElo "2214"]
[PlyCount "82"]
[EventDate "2013.??.??"]

1. d4 Nf6 2. c4 g6 3. Nc3 Bg7 4. e4 d6 5. Be2 O-O 6. Nf3 Bg4 7. Be3 Nfd7 8. h3
Bxf3 9. Bxf3 e5 10. Be2 Nc6 11. d5 Nd4 12. Qd2 c5 13. b3 f5 14. Bg5 Nf6 15. O-O
Qd7 16. f3 f4 17. Bxf6 Bxf6 18. Nb5 g5 19. Nxd4 exd4 20. Bd3 Be5 21. Kf2 Rf7
22. a4 Rg7 23. Rh1 Rf8 24. Rag1 h5 25. Qa5 b6 26. Qe1 Rf6 27. Ke2 Rh6 28. Rh2
Rhg6 29. Kd2 Qc8 30. Kc2 Qa6 31. Qd2 Qa5 32. Qxa5 bxa5 33. Be2 Rb7 34. Rb1 Kg7
35. Kd3 g4 36. hxg4 hxg4 37. Rh4 gxf3 38. Bxf3 Rh6 39. Rxh6 Kxh6 40. Rh1+ Kg6
41. Bd1 Rh7 1/2-1/2

[Event "Cappelle-la-Grande"]
[Site "Cappelle-la-Grande (FRA)"]
[Date "2013.02.27"]
[Round "6.117"]
[White "Leharanger, Guillaume"]
[Black "Medghoul, Sherif"]
[Result "1-0"]
[WhiteElo "1911"]
[BlackElo "2205"]
[PlyCount "89"]
[EventDate "2013.??.??"]

1. e4 e6 2. d4 d5 3. Nd2 Nf6 4. e5 Nfd7 5. Bd3 c5 6. c3 Nc6 7. Ne2 cxd4 8. cxd4
f6 9. Nf4 Nxd4 10. Qh5+ Ke7 11. Ng6+ hxg6 12. exf6+ Nxf6 13. Qxh8 Kf7 14. O-O
e5 15. Nb3 Nxb3 16. axb3 Bf5 17. Bxf5 gxf5 18. Bg5 Be7 19. Qh3 g6 20. Rfd1 d4
21. Qd3 Qd5 22. Rac1 Bd8 23. Qh3 Nh5 24. Qh4 Bb6 25. g4 Ng7 26. gxf5 gxf5 27.
Rd3 Qe4 28. Qh3 Qe2 29. Rf3 Qe4 30. Rg3 Rg8 31. Qh6 Ne8 32. Rc8 Rg6 33. Qh7+
Rg7 34. Qh5+ Rg6 35. Bd2 f4 36. Rxg6 Qb1+ 37. Kg2 Qe4+ 38. Kh3 Qxg6 39. Qxg6+
Kxg6 40. Rxe8 Kf5 41. f3 d3 42. Bc3 Bd4 43. Rd8 Bxc3 44. bxc3 e4 45. Rd5+ 1-0

[Event "Cappelle-la-Grande"]
[Site "Cappelle-la-Grande (FRA)"]
[Date "2013.02.27"]
[Round "6.120"]
[White "Varoquier, Romain"]
[Black "Massot, Manuel"]
[Result "1-0"]
[WhiteElo "2194"]
[BlackElo "1923"]
[PlyCount "37"]
[EventDate "2013.??.??"]

1. e4 d5 2. exd5 Qxd5 3. Nc3 Qa5 4. Bc4 Bf5 5. Nge2 e6 6. O-O c6 7. d4 Nf6 8.
Ng3 Bg6 9. f4 Bf5 10. Nxf5 Qxf5 11. Bd3 Qh5 12. Qe1 Bd6 13. Rf3 Nbd7 14. Bd2
O-O-O 15. Rh3 Qa5 16. Nb5 Qb6 17. Nxd6+ Kb8 18. Nxf7 Qxd4+ 19. Be3 1-0

[Event "Cappelle-la-Grande"]
[Site "Cappelle-la-Grande (FRA)"]
[Date "2013.02.27"]
[Round "6.124"]
[White "Babo, Miguel"]
[Black "Hortensius, Lisa"]
[Result "0-1"]
[WhiteElo "1874"]
[BlackElo "2158"]
[PlyCount "44"]
[EventDate "2013.??.??"]

1. d4 Nf6 2. Nf3 g6 3. e3 Bg7 4. b4 O-O 5. c4 d6 6. Bb2 Nbd7 7. Be2 e5 8. dxe5
dxe5 9. Nxe5 Ne4 10. Nd3 Bxb2 11. Nxb2 Qf6 12. Qd4 Qxf2+ 13. Kd1 Qxg2 14. Rf1
c5 15. bxc5 Ndxc5 16. Ke1 Bg4 17. Bxg4 Qxg4 18. Nc3 Qh4+ 19. Kd1 Nxc3+ 20. Qxc3
Qxh2 21. Ke1 Ne4 22. Qb4 a5 0-1

[Event "Cappelle-la-Grande"]
[Site "Cappelle-la-Grande (FRA)"]
[Date "2013.02.27"]
[Round "6.126"]
[White "Plessis, Arnaud"]
[Black "Przymusinski, Nicolas"]
[Result "1/2-1/2"]
[WhiteElo "1842"]
[BlackElo "2150"]
[PlyCount "76"]
[EventDate "2013.??.??"]

1. e4 g6 2. d4 d6 3. Nf3 Bg7 4. Be2 Nf6 5. Nc3 c6 6. a4 Nbd7 7. O-O O-O 8. a5
e5 9. dxe5 dxe5 10. Bg5 Qc7 11. Qd2 Nc5 12. Bxf6 Bxf6 13. Rfd1 Rd8 14. Qe3
Rxd1+ 15. Nxd1 Be7 16. b4 Ne6 17. Qc3 Nf4 18. Bf1 f6 19. Bc4+ Kg7 20. g3 Nh3+
21. Kg2 h6 22. Nb2 Ng5 23. Nxg5 hxg5 24. Rd1 b6 25. axb6 axb6 26. Bd5 Bb7 27.
Be6 Rd8 28. Rxd8 Qxd8 29. Qd3 Qxd3 30. Nxd3 c5 31. bxc5 Bxe4+ 32. f3 Bxd3 33.
cxd3 Bxc5 34. Bc4 f5 35. g4 Kf6 36. h3 Ke7 37. Kf1 Kd6 38. Ke2 Ke7 1/2-1/2

[Event "Cappelle-la-Grande"]
[Site "Cappelle-la-Grande (FRA)"]
[Date "2013.02.27"]
[Round "6.129"]
[White "Lucifora, Nicolas"]
[Black "Redon, Bruno"]
[Result "0-1"]
[WhiteElo "1791"]
[BlackElo "2129"]
[PlyCount "34"]
[EventDate "2013.??.??"]

1. e4 e5 2. Nf3 f5 3. Nc3 fxe4 4. Nxe5 Nf6 5. d4 d6 6. Nc4 c6 7. Bg5 b5 8. Ne3
d5 9. Bxf6 Qxf6 10. Bxb5 cxb5 11. Nexd5 Qf7 12. Nxb5 Na6 13. Qe2 Qxd5 14. c4
Bb4+ 15. Kf1 Qf5 16. a3 Be7 17. Re1 O-O 0-1

[Event "Cappelle-la-Grande"]
[Site "Cappelle-la-Grande (FRA)"]
[Date "2013.02.27"]
[Round "6.145"]
[White "Leks, Maria"]
[Black "Alloui-Cros, Baptiste"]
[Result "0-1"]
[WhiteElo "2083"]
[BlackElo "1719"]
[PlyCount "86"]
[EventDate "2013.??.??"]

1. e4 Nf6 2. Nc3 e5 3. Nf3 Nc6 4. d4 exd4 5. Nxd4 Bb4 6. Nxc6 bxc6 7. Bd3 d5 8.
exd5 cxd5 9. O-O O-O 10. Bg5 c6 11. Qf3 Be7 12. Rae1 h6 13. Bxh6 gxh6 14. Qe3
Bd6 15. Qxh6 Be6 16. f4 Re8 17. Qg5+ Kf8 18. f5 Bd7 19. Qh6+ Kg8 20. Rxe8+ Bxe8
21. Qg5+ Kf8 22. Re1 Ng8 23. Qg4 Bd7 24. Nd1 Qb6+ 25. Kh1 Re8 26. Rf1 Be5 27.
c3 d4 28. c4 c5 29. Nf2 Bc6 30. b3 Qa5 31. h4 Qd2 32. Be4 Nf6 33. Qf3 Bxe4 34.
Nxe4 Nxe4 35. Qxe4 Qe3 36. Qc6 d3 37. Rd1 d2 38. Rf1 Qe2 39. Qh6+ Bg7 40. Qd6+
Kg8 41. Rg1 Qf2 42. g3 Bd4 43. Rg2 d1=Q+ 0-1

[Event "Cappelle-la-Grande"]
[Site "Cappelle-la-Grande (FRA)"]
[Date "2013.02.27"]
[Round "6.148"]
[White "Damarez, Philippe"]
[Black "Van Vliet, Dennis"]
[Result "0-1"]
[WhiteElo "1663"]
[BlackElo "2068"]
[PlyCount "64"]
[EventDate "2013.??.??"]

1. f4 d5 2. Nf3 Bg4 3. e3 Nd7 4. Be2 g6 5. Nc3 Ngf6 6. b3 Bg7 7. Bb2 c6 8. O-O
O-O 9. d4 Rc8 10. b4 a5 11. b5 Nb6 12. Ne5 Bxe2 13. Qxe2 Nfd7 14. Nd1 Nxe5 15.
fxe5 cxb5 16. Qxb5 Nc4 17. c3 Rc6 18. Qa4 b5 19. Qc2 f6 20. Qd3 fxe5 21. dxe5
Rxf1+ 22. Kxf1 Bxe5 23. e4 Rd6 24. Qh3 dxe4 25. Nf2 Nxb2 26. Re1 Nd3 27. Nxd3
exd3 28. Rd1 d2 29. Ke2 Kg7 30. Qe3 Bf6 31. g4 Rd5 32. Rxd2 Rxd2+ 0-1

[Event "Cappelle-la-Grande"]
[Site "Cappelle-la-Grande (FRA)"]
[Date "2013.02.27"]
[Round "6.154"]
[White "Desert, Xavier"]
[Black "Garcia, Adrien"]
[Result "1-0"]
[WhiteElo "2020"]
[BlackElo "1690"]
[PlyCount "35"]
[EventDate "2013.??.??"]

1. e4 c5 2. Nf3 Nc6 3. d4 cxd4 4. Nxd4 g6 5. Nxc6 bxc6 6. Qd4 f6 7. Bc4 Bg7 8.
Nc3 e5 9. Qd3 Ne7 10. Be3 Qc7 11. O-O-O Bb7 12. h4 a5 13. h5 O-O-O 14. Na4 d5
15. Ba6 d4 16. Bd2 Bxa6 17. Qxa6+ Kd7 18. Bxa5 1-0

[Event "Cappelle-la-Grande"]
[Site "Cappelle-la-Grande (FRA)"]
[Date "2013.02.27"]
[Round "6.157"]
[White "Van Poucke, Anthony"]
[Black "Scherrer, Roch"]
[Result "1-0"]
[WhiteElo "1649"]
[BlackElo "2002"]
[PlyCount "107"]
[EventDate "2013.??.??"]

1. e4 e5 2. Nf3 Nc6 3. Bb5 a6 4. Bxc6 dxc6 5. O-O f6 6. d4 exd4 7. Nxd4 c5 8.
Nb3 Qxd1 9. Rxd1 Bd6 10. Nc3 Ne7 11. Be3 b6 12. a4 Bb7 13. f3 Kf7 14. Ne2 Rhd8
15. Bf4 Bxf4 16. Nxf4 Bc6 17. a5 Bb5 18. Kf2 g5 19. Ne2 Nc6 20. axb6 cxb6 21.
Nc3 c4 22. Nd2 Nb4 23. Rac1 Rd7 24. Ke2 Rad8 25. Nf1 Ke6 26. Ne3 h5 27. Nxb5
axb5 28. Rxd7 Rxd7 29. Rd1 Rxd1 30. Kxd1 Ke5 31. Kd2 h4 32. Nd1 Kf4 33. Nc3 h3
34. Ne2+ Ke5 35. gxh3 Nc6 36. Ke3 b4 37. h4 gxh4 38. f4+ Kd6 39. Nd4 Ne7 40. h3
Kc5 41. Nf3 Nc6 42. Nxh4 Nd4 43. Kd2 c3+ 44. bxc3 bxc3+ 45. Kd3 b5 46. Ng6 b4
47. Nh4 Nxc2 48. Kxc2 Kc4 49. Nf3 b3+ 50. Kc1 Kd3 51. e5 b2+ 52. Kb1 Ke2 53.
Nd4+ Kd3 54. Nc2 1-0